000 00631nam a22002297a 4500
005 20170124110213.0
010 _a434195
020 _c00.00
035 _a434195
037 _bCen Lib/Ret
040 _aDPL
_bEN
082 _a954
_bROS
100 _aRostow, W.W.
_938482
245 _aThe prospects for communist China /
_cby W.W. Rostow
260 _aLondon
_bJohn wiley and sons
_c1954
270 _bLondon
300 _axx,379p.
_c22cm(Hb)
500 _aIncludes index
650 _aCommunism
_zChina
_929030
650 _aPolitics and government
_zChina
_938483
942 _2ddc
_cEN
_h951
_mROS
999 _c133631
_d133631